000 00604nam a2200205Ia 4500
005 20250923145951.0
008 008 250917s9999 xx 000 0 eng d
037 _aTextual
040 _aDSWL
_beng
_cDSWL
041 _aeng
_2eng
084 _aY:4340gW,64, N97
_qDSWL
100 _aMishra, S.N.
_9840819
245 0 _aPoverty Alleviation Programmes and Gram Panchayats
_c by S.N. Mishra
260 _aNew Delhi
_b Mittal Publications
_c1997
300 _av,140 p.
365 _aINR
_b295.00
925 _g295.00
942 _cTEXL
_hY:4340gW,64, N97
999 _c1457924
_d1457924